000 00535cam a2200193ua 4500
001 5884
008 131026n ii |||gr||||Z||||||eng
040 _cMAIN
082 _a954
245 _aAn Easy Approach To Indian History
_cBy R.K. Majumdar
250 _aSecond Revised and Enlarged Edition.
260 _aDelhi:
_bSurjeet Book Depot,
_c1976.
300 _ax,404p.
653 _aHistory
653 _aAn Easy Approach To Indian History
700 _aMajumdar,R.K.,
_eAuthor.,
700 1 _aSrivastav,A.N.,
_eAuthor.
942 _cBK
999 _c5038
_d5038